| 000 | 00361cam a2200145ua 4500 | ||
|---|---|---|---|
| 041 |
_aeng _h |
||
| 082 |
_a828.09 _bBLA/LA |
||
| 100 | _aBlackmur, R P . | ||
| 245 |
_aLanguage as gesture / _cR P Blackmur. _hTextual Documents |
||
| 260 |
_aLondon : _bGeorge Allen & Unwin Ltd , _c1956. |
||
| 300 | _a440 ; . | ||
| 504 | _a | ||
| 942 | _cBK | ||
| 999 |
_c4979 _d4979 |
||